000
00280pab a2200121 454500
008
180718b xxu||||| |||| 00| 0 eng d
100
_a
Shafi, Sayed S
245
_a
Strategy to decongest Delhi
650
_a
Delhi
650
_a
Cities and Towns
773
_a
Patriot
909
_a
21628
999
_c
21628
_d
21628